000
00169nam a22000857a 4500
999
_c
16267
_d
16267
003
OSt
008
200629b ||||| |||| 00| 0 eng d
245
_a
Survaying
942
_c
BK